Vysielaný imidž Slovenska ako cieľového miesta cestovného ruchu na vybraných zdrojových trhoch z pohľadu národnej marketingovej agentúry
Slovenská agentúra pre cestovný ruch (SACR) a jej úlohy. Nástroje marketingovej komunikácie využívané SACR pri tvorbe imidžu Slovenska ako cieľového miesta cestovného ruchu. Imidž Slovenska na domácom trhu cestovného ruchu. Imidž Slovenska na zahraničnom trhu cestovného ruchu. Prehľad marketingových...
Salvato in:
| Autore principale: | |
|---|---|
| Altri autori: | |
| Natura: | Capitolo di libro |
| Lingua: | slovacco |
| Soggetti: | |
| Tags: |
Nessun Tag, puoi essere il primo ad aggiungerne!!
|
MARC
| LEADER | 00000naa a2200000 4500 | ||
|---|---|---|---|
| 001 | 0191514 | ||
| 005 | 20231016074731.1 | ||
| 041 | 0 | |a slo | |
| 044 | |a SK | ||
| 245 | 1 | 0 | |a Vysielaný imidž Slovenska ako cieľového miesta cestovného ruchu na vybraných zdrojových trhoch z pohľadu národnej marketingovej agentúry |c Vanda Maráková, Ivana Šimočková |
| 520 | |a Slovenská agentúra pre cestovný ruch (SACR) a jej úlohy. Nástroje marketingovej komunikácie využívané SACR pri tvorbe imidžu Slovenska ako cieľového miesta cestovného ruchu. Imidž Slovenska na domácom trhu cestovného ruchu. Imidž Slovenska na zahraničnom trhu cestovného ruchu. Prehľad marketingových aktivít SACR podľa cieľových trhov v období 2009-2014. | ||
| 610 | 2 | 0 | |a ruch cestovný |
| 610 | 2 | 0 | |a marketing |
| 610 | 2 | 0 | |a nástroje marketingové |
| 610 | 2 | 0 | |a komunikácia marketingová |
| 610 | 2 | 0 | |a organizácie |
| 610 | 2 | 0 | |a agentúry |
| 610 | 2 | 0 | |a imidž |
| 610 | 2 | 0 | |a Slovensko |
| 100 | 1 | |a Maráková, Vanda | |
| 700 | 1 | |a Šimočková, Ivana | |